| 000 | 00874cam a2200241 a 4500 | ||
|---|---|---|---|
| 001 | 000019751 | ||
| 005 | 20200929170127.0 | ||
| 008 | 030625s1952 sp b 000 0 spa d | ||
| 040 |
_aDO-SdBNP _bspa _cDLC _dBNPHU |
||
| 082 |
_a867.4 _bF727e |
||
| 100 | 1 |
_aForner, Juan Pablo, _d1756-1797. _913680 |
|
| 245 | 1 | 0 |
_aExequias de la lengua castellana / _cJuan Pablo Forner. |
| 260 |
_aBuenos Aires, (Argentina) : _bEditorial Espasa-Calpe Argentina, _c1952. |
||
| 300 |
_a162, [12] p. ; _c18 cm. |
||
| 490 | 1 |
_aAustral. Gris: clásicos _v1122 |
|
| 500 | _aIncluye índice de autores. | ||
| 600 | 1 | 4 |
_aFORNER, JUAN PABLO, _d1756-1797. _tEXEQUIAS DE LA LENGUA CASTELLANA _942211 |
| 650 | 4 |
_aSátira española _94899 |
|
| 650 | 4 |
_aLiteratura española _ySIGLO XX _93326 |
|
| 830 | 0 |
_aAustral. _pGris: clásicos; _v1122 _98199 |
|
| 910 | _aCatalogación derivada / LC | ||
| 049 | _aBNGR | ||
| 999 |
_c19265 _d19265 |
||